000 00243nam a2200097Ia 4500
008 230915s9999 xx 000 0 und d
050 _aTK 911.3 .M 27186 2009
100 _aLUNDBERG,CRAIG
245 4 _aTHE HOSPITALITY CASE MANUAL
942 _cBK
999 _c204332
_d204332